[Event "19th EUR-ch"]
[Site "Batumi GEO"]
[Date "2018.03.22"]
[Round "6.60"]
[White "Tutisani, Noe"]
[Black "Wagner, Dennis"]
[Result "1/2-1/2"]
[WhiteElo "2394"]
[BlackElo "2566"]
[EventDate "2018.03.17"]
[PlyCount "84"]

1.e4 e5 2.Nf3 Nc6 3.Bb5 a6 4.Ba4 Nf6 5.O-O Be7 6.Re1 b5 7.Bb3 d6 8.c3 O-O 
9.h3 Nb8 10.d4 Nbd7 11.Nbd2 Bb7 12.a4 c5 13.d5 c4 14.Bc2 Qc7 15.Nf1 Rfb8 
16.Ne3 g6 17.Ng4 Nxg4 18.hxg4 Nc5 19.Nh2 Bc8 20.Nf1 Bd7 21.Ne3 b4 22.Nxc4 
b3 23.Bb1 Nxa4 24.Bd3 a5 25.g3 Nc5 26.Bf1 a4 27.f4 Bb5 28.Na3 Bxf1 29.Kxf1
Kg7 30.Kg2 Rh8 31.fxe5 dxe5 32.Rh1 h5 33.gxh5 Nxe4 34.Qg4 Nf6 35.h6+ Kh7 
36.Qc4 Qb7 37.Qc6 Qxc6 38.dxc6 Ra6 39.Nc4 Ng4 40.Re1 a3 41.Nxe5 Nxe5 42.
Rxe5 Bd6 1/2-1/2

[Event "19th EUR-ch"]
[Site "Batumi GEO"]
[Date "2018.03.22"]
[Round "6.61"]
[White "Chigaev, Maksim"]
[Black "Hayrapetyan, Artavazd R."]
[Result "1-0"]
[WhiteElo "2560"]
[BlackElo "2370"]
[EventDate "2018.03.17"]
[PlyCount "147"]

1.c4 c5 2.Nf3 g6 3.g3 Bg7 4.Bg2 Nc6 5.Nc3 e5 6.O-O Nge7 7.d3 O-O 8.a3 d6 
9.Rb1 a5 10.Ne1 Be6 11.Bg5 f6 12.Bd2 Qd7 13.Nc2 a4 14.Ne3 Nd4 15.Ned5 Nxd5
16.Nxd5 Ra7 17.b4 axb3 18.e3 Nc6 19.Rxb3 Ne7 20.Nb6 Qc7 21.Qc2 f5 22.Rfb1 
Bh6 23.Na4 Rb8 24.Nc3 Qd7 25.a4 Bg7 26.Rb6 Nc8 27.R6b5 e4 28.a5 Ne7 29.Na4
exd3 30.Qxd3 Nc6 31.f4 Qc7 32.Nb6 Rd8 33.Nd5 Qf7 34.h3 h5 35.Kh2 Kh7 36.
Qb3 Rd7 37.Qa4 Ne7 38.Nb6 Rd8 39.Qc2 Ng8 40.Nd5 Rd7 41.Qd3 Nf6 42.Nb6 Ne4 
43.Be1 Ra6 44.Nxd7 Bxc4 45.Qxe4 fxe4 46.Rxb7 Bd5 47.Nxc5 Bxb7 48.Rxb7 Qd5 
49.Nxe4 Kh6 50.g4 hxg4 51.hxg4 g5 52.Ng3 Qc5 53.Nf5+ Kh7 54.Rxg7+ Kh8 55.
Rxg5 Ra7 56.Rh5+ Rh7 57.Rxh7+ Kxh7 58.Bh4 Qxa5 59.Nxd6 Qd2 60.Nf5 Kg6 61.
Bg3 Qe2 62.Kh3 Qb2 63.e4 Qe2 64.e5 Kf7 65.Nh4 Kg7 66.g5 Qd2 67.Bf3 Qc1 68.
Kg4 Qc4 69.Nf5+ Kf8 70.g6 Qe6 71.Kg5 Qb3 72.g7+ Ke8 73.Bh5+ Kd7 74.Bg6 1-0

[Event "19th EUR-ch"]
[Site "Batumi GEO"]
[Date "2018.03.22"]
[Round "6.62"]
[White "Ter-Sahakian, Samvel"]
[Black "Davtian, Artur"]
[Result "1-0"]
[WhiteElo "2553"]
[BlackElo "2351"]
[EventDate "2018.03.17"]
[PlyCount "91"]

1.e4 e5 2.Nf3 Nc6 3.Bc4 Bc5 4.c3 Nf6 5.d3 O-O 6.Bg5 h6 7.Bh4 Be7 8.Nbd2 d6
9.Bb3 Nh5 10.Bxe7 Qxe7 11.Nc4 Nf4 12.Ne3 Be6 13.g3 Bxb3 14.axb3 Ne6 15.O-O
a5 16.Re1 Qd7 17.d4 exd4 18.cxd4 Nb4 19.Nf5 Rfe8 20.Rc1 Kh7 21.Qd2 f6 22.
Rc3 Ng5 23.Nxg5+ fxg5 24.d5 Na6 25.Qc2 Nb4 26.Qd1 Na6 27.Qb1 g6 28.Nd4 Nc5
29.Qc2 Rac8 30.Rce3 Qf7 31.e5 Qxd5 32.exd6 Rxe3 33.Rxe3 Qxd6 34.Nf5 Qf6 
35.Ne7 Rf8 36.Nxg6 Rf7 37.Nh4+ Kg8 38.Rf3 Qd6 39.Nf5 Qf8 40.Nxh6+ Qxh6 41.
Rxf7 Kxf7 42.Qxc5 b6 43.Qxc7+ Ke8 44.Qe5+ Kd7 45.Qd4+ Ke8 46.Qe3+ 1-0

[Event "19th EUR-ch"]
[Site "Batumi GEO"]
[Date "2018.03.22"]
[Round "6.63"]
[White "Oboladze, Luka"]
[Black "Moiseenko, Vadim"]
[Result "1-0"]
[WhiteElo "2318"]
[BlackElo "2552"]
[EventDate "2018.03.17"]
[PlyCount "99"]

1.d4 Nf6 2.Nf3 g6 3.Bf4 Bg7 4.e3 c5 5.Nbd2 d6 6.h3 O-O 7.Be2 Nc6 8.c3 cxd4
9.exd4 Rb8 10.a4 a6 11.O-O b5 12.axb5 axb5 13.Bd3 Qb6 14.Re1 Be6 15.Ne4 
Nh5 16.Be3 Bd5 17.b3 f5 18.Neg5 Na5 19.Rb1 Qc6 20.Bd2 e5 21.dxe5 dxe5 22.
Nxe5 Bxe5 23.Rxe5 Bxg2 24.c4 Qd6 25.Qe2 Ba8 26.cxb5 Rbd8 27.Bxa5 Qxd3 28.
Re1 Nf4 29.Qxd3 Rxd3 30.Bb4 Nxh3+ 31.Nxh3 Rxh3 32.f3 Bxf3 33.Bxf8 Kxf8 34.
b6 f4 35.b7 Bxb7 36.Re8+ Kf7 37.R1e7+ Kf6 38.Rxb7 Kf5 39.Re1 g5 40.Rb1 h5 
41.b4 Kg4 42.b5 Rg3+ 43.Kf2 Rf3+ 44.Ke2 Re3+ 45.Kd2 Kf3 46.b6 Re2+ 47.Kd3 
Re3+ 48.Kd4 Re8 49.Rc7 g4 50.b7 1-0

[Event "19th EUR-ch"]
[Site "Batumi GEO"]
[Date "2018.03.22"]
[Round "6.64"]
[White "Lomasov, Semen"]
[Black "Abdullayev, Elshad"]
[Result "1-0"]
[WhiteElo "2551"]
[BlackElo "2168"]
[EventDate "2018.03.17"]
[PlyCount "135"]

1.e4 c6 2.d4 d5 3.Nc3 dxe4 4.Nxe4 Nd7 5.Ng5 Ngf6 6.Bd3 Qc7 7.Ne2 e6 8.Bf4 
Bd6 9.Bxd6 Qxd6 10.Qd2 h6 11.Nf3 b6 12.O-O-O Bb7 13.Rhe1 O-O-O 14.Nc3 Qb4 
15.a3 Qa5 16.Ne5 Nxe5 17.dxe5 Nd5 18.Ne4 Qxd2+ 19.Rxd2 Kc7 20.Nd6 Rhf8 21.
Be4 Nf6 22.Bf3 Ne8 23.Nxb7 Rxd2 24.Kxd2 Kxb7 25.Re3 Nc7 26.Rd3 b5 27.a4 
bxa4 28.Rd4 Kb6 29.Rxa4 Rd8+ 30.Ke2 Nd5 31.g3 a5 32.c3 Kb5 33.Rg4 Nb6 34.
b3 g6 35.Rf4 Rd7 36.h4 c5 37.Ke1 c4 38.Be2 Rc7 39.Kd2 Rc5 40.bxc4+ Kc6 41.
Bf3+ Kd7 42.Rxf7+ Ke8 43.Rb7 Nxc4+ 44.Kd3 a4 45.Kd4 Rc8 46.Ra7 Nd2 47.Bd1 
Rd8+ 48.Ke3 Nc4+ 49.Ke2 Rd2+ 50.Ke1 Rd5 51.Bxa4+ Kf8 52.f4 Rd3 53.Bb5 Re3+
54.Kf2 Rxc3 55.Rc7 Nd2 56.Rxc3 Ne4+ 57.Ke3 Nxc3 58.Bc6 Ke7 59.Kd3 Nd1 60.
Kd2 Nf2 61.Ke2 Ng4 62.Be4 Kf7 63.Bf3 h5 64.Bxg4 hxg4 65.Kd3 Ke7 66.Kc4 Kd7
67.Kb5 Kc7 68.Kc5 1-0

[Event "19th EUR-ch"]
[Site "Batumi GEO"]
[Date "2018.03.22"]
[Round "6.65"]
[White "Motylev, Alexander"]
[Black "Yeritsian, Hayk"]
[Result "1-0"]
[WhiteElo "2669"]
[BlackElo "2149"]
[EventDate "2018.03.17"]
[PlyCount "89"]

1.e4 e5 2.Nf3 Nc6 3.Bb5 Nf6 4.O-O Nxe4 5.d4 Nd6 6.Bxc6 dxc6 7.dxe5 Nf5 8.
Qxd8+ Kxd8 9.h3 Bd7 10.Nc3 h6 11.b3 Kc8 12.Bb2 b6 13.Rad1 Ne7 14.Ne2 Rg8 
15.Nf4 g5 16.Nh5 Be6 17.Nd4 c5 18.Nxe6 fxe6 19.c4 Nc6 20.f4 Be7 21.g4 gxf4
22.Nxf4 Kb7 23.Kh2 Rae8 24.Nh5 Rd8 25.Nf6 Rgf8 26.Kg2 Nb4 27.Bc1 Rxd1 28.
Rxd1 Bxf6 29.Bxh6 Rd8 30.exf6 Rxd1 31.f7 Rd8 32.f8=Q Rxf8 33.Bxf8 Kc8 34.
g5 Kd7 35.g6 Ke8 36.Bg7 Nc6 37.h4 Ne7 38.h5 Nf5 39.h6 Nh4+ 40.Kg3 Nxg6 41.
h7 Kd7 42.Kg4 Ke7 43.Kg5 Kf7 44.Bc3 a6 45.a4 1-0

[Event "19th EUR-ch"]
[Site "Batumi GEO"]
[Date "2018.03.22"]
[Round "6.66"]
[White "Sutovsky, Emil"]
[Black "Mindlin, Alon"]
[Result "1-0"]
[WhiteElo "2659"]
[BlackElo "2442"]
[EventDate "2018.03.17"]
[PlyCount "139"]

1.e4 e5 2.Nf3 Nc6 3.Bb5 a6 4.Ba4 Nf6 5.O-O Be7 6.Re1 b5 7.Bb3 d6 8.c3 O-O 
9.h3 Nb8 10.d4 Nbd7 11.c4 c6 12.Qc2 Qc7 13.cxb5 axb5 14.Nc3 Qb8 15.Bg5 h6 
16.Bh4 Bb7 17.Rad1 Re8 18.a3 Ra5 19.dxe5 dxe5 20.Ba2 Bc8 21.Bg3 Bf8 22.Qb3
Re7 23.Nd4 Ra6 24.Nf5 Re6 25.Bh4 g6 26.Re3 b4 27.Rg3 Nc5 28.Qxb4 Qxb4 29.
axb4 Ncxe4 30.Bxe6 Bxe6 31.Bxf6 Nxf6 32.Nd6 Rb6 33.b5 cxb5 34.Ndxb5 Bc5 
35.Nc7 Rxb2 36.Rf3 Bb3 37.Rd8+ Kg7 38.Rb8 Bd4 39.g4 Bd1 40.Rxb2 Bxf3 41.
Rb3 g5 42.N3b5 Be2 43.Nxd4 exd4 44.f3 Nd7 45.Kf2 Bc4 46.Rb4 Ne5 47.Rb6 
Nd3+ 48.Kg3 Nf4 49.Ne8+ Kf8 50.Nd6 Be6 51.Rb8+ Ke7 52.Ne4 Bd5 53.Nd2 Ne2+ 
54.Kf2 Nf4 55.Kg3 Ne2+ 56.Kh2 d3 57.Kg2 Nf4+ 58.Kg3 Kf6 59.Rb6+ Ke5 60.Rb4
f6 61.h4 Ne2+ 62.Kf2 gxh4 63.Ke3 h3 64.Nf1 Ng1 65.Nh2 d2 66.f4+ Kd6 67.Rb1
Nf3 68.Nxf3 Kc5 69.Nxd2 h2 70.Nf3 1-0

[Event "19th EUR-ch"]
[Site "Batumi GEO"]
[Date "2018.03.22"]
[Round "6.67"]
[White "Krasenkow, Michal"]
[Black "Bernotas, Arturs"]
[Result "1-0"]
[WhiteElo "2644"]
[BlackElo "2436"]
[EventDate "2018.03.17"]
[PlyCount "55"]

1.Nf3 Nf6 2.c4 e6 3.Nc3 Bb4 4.Qc2 b6 5.a3 Bxc3 6.Qxc3 Bb7 7.e3 O-O 8.Be2 
Ne4 9.Qc2 Ng5 10.b3 Nxf3+ 11.gxf3 Qh4 12.Bb2 d6 13.Rg1 f6 14.Rg3 Nd7 15.
O-O-O Rf7 16.Rdg1 Qxh2 17.Qd1 Qh5 18.Rh1 Qf5 19.e4 Qc5 20.b4 Qxf2 21.Rgh3 
b5 22.c5 Nxc5 23.R1h2 Nxe4 24.Rxh7 Re7 25.fxe4 Qg3 26.Rh8+ Kf7 27.Bh5+ g6 
28.Bxg6+ 1-0

[Event "19th EUR-ch"]
[Site "Batumi GEO"]
[Date "2018.03.22"]
[Round "6.68"]
[White "Alexandrov, Alexei"]
[Black "Draskovic, Luka"]
[Result "1/2-1/2"]
[WhiteElo "2630"]
[BlackElo "2447"]
[EventDate "2018.03.17"]
[PlyCount "101"]

1.d4 Nf6 2.c4 e6 3.Nc3 Bb4 4.e3 O-O 5.Ne2 Re8 6.a3 Bf8 7.Ng3 d5 8.Be2 dxc4
9.O-O c5 10.dxc5 Bxc5 11.Bxc4 a6 12.Qc2 b5 13.Rd1 Qb6 14.Be2 Be7 15.e4 
Nbd7 16.b4 Bb7 17.Be3 Qc7 18.Rac1 Rac8 19.Qb1 Bc6 20.Nf1 Qb7 21.Nd2 Bd8 
22.Nb3 Qb8 23.h3 Bb6 24.Bxb6 Qxb6 25.Na5 Ba8 26.a4 bxa4 27.Nxa4 Qa7 28.Bd3
Rxc1 29.Rxc1 Qd4 30.Rd1 Qa7 31.Bc2 h6 32.Rd6 Rb8 33.Bd3 Ne5 34.Nc5 Rb6 35.
Rd8+ Kh7 36.Bc2 Rb8 37.Rxb8 Qxb8 38.Nxa6 Qd6 39.Nc4 Qd4 40.Nxe5 Qxe5 41.
Nc5 g6 42.Qd1 Kg7 43.Qe1 Bc6 44.g3 Qd4 45.Kh2 Qb2 46.Bd3 Qd4 47.h4 Ng4+ 
48.Kg2 Ne5 49.Bc2 Bb5 50.Nb3 Qb2 51.Qa1 1/2-1/2

[Event "19th EUR-ch"]
[Site "Batumi GEO"]
[Date "2018.03.22"]
[Round "6.69"]
[White "Asadli, Vugar"]
[Black "Solak, Dragan"]
[Result "1/2-1/2"]
[WhiteElo "2449"]
[BlackElo "2629"]
[EventDate "2018.03.17"]
[PlyCount "35"]

1.e4 c5 2.Nf3 e6 3.Nc3 a6 4.d4 cxd4 5.Nxd4 Qc7 6.g3 Bb4 7.Bd2 Nc6 8.Nb3 
Nf6 9.Bg2 O-O 10.O-O Be7 11.f4 b5 12.a3 Bb7 13.Be3 b4 14.axb4 Nxb4 15.Na5 
d5 16.Nxb7 Qxb7 17.exd5 Nbxd5 18.Bd4 1/2-1/2

[Event "19th EUR-ch"]
[Site "Batumi GEO"]
[Date "2018.03.22"]
[Round "6.70"]
[White "Antipov, Mikhail"]
[Black "Drori, Saar"]
[Result "0-1"]
[WhiteElo "2616"]
[BlackElo "2420"]
[EventDate "2018.03.17"]
[PlyCount "60"]

1.d4 Nf6 2.Bg5 c5 3.dxc5 Na6 4.Bxf6 gxf6 5.c4 Nxc5 6.Nc3 Bg7 7.e3 f5 8.
Nge2 Qa5 9.f3 f4 10.a3 Qb6 11.b4 Ne6 12.Nd5 Qd6 13.exf4 Bxa1 14.Qxa1 Rf8 
15.f5 Nc7 16.Ng3 Nxd5 17.Ne4 Qh6 18.cxd5 Qe3+ 19.Be2 f6 20.d6 b6 21.Kd1 
Bb7 22.Bc4 Bxe4 23.Re1 Bxf3+ 24.gxf3 Qxf3+ 25.Kc2 Qc6 26.Qd4 b5 27.Kb2 
Qxc4 28.Rxe7+ Kd8 29.Qd2 Rc8 30.Re2 Rc6 0-1

[Event "19th EUR-ch"]
[Site "Batumi GEO"]
[Date "2018.03.22"]
[Round "6.71"]
[White "Donchenko, Alexander"]
[Black "Zavhorodnii, Serhii"]
[Result "1-0"]
[WhiteElo "2588"]
[BlackElo "2430"]
[EventDate "2018.03.17"]
[PlyCount "43"]

1.e4 e5 2.Nf3 d6 3.d4 exd4 4.Nxd4 Nf6 5.Nc3 Be7 6.Be2 O-O 7.Bf4 Bd7 8.Qd2 
Nc6 9.O-O-O Nxd4 10.Qxd4 Be6 11.Qe3 Qc8 12.h3 Re8 13.g4 Nd7 14.g5 Nc5 15.
h4 b5 16.Bxb5 c6 17.Be2 d5 18.exd5 cxd5 19.Bf3 Bf8 20.Rhe1 Qa6 21.Qe2 Qb6 
22.Qb5 1-0

[Event "19th EUR-ch"]
[Site "Batumi GEO"]
[Date "2018.03.22"]
[Round "6.72"]
[White "Berchtenbreiter, Maximilian"]
[Black "Savchenko, Boris"]
[Result "1/2-1/2"]
[WhiteElo "2414"]
[BlackElo "2550"]
[EventDate "2018.03.17"]
[PlyCount "124"]

1.e4 e5 2.Nf3 Nc6 3.Bc4 Nf6 4.d3 Bc5 5.h3 a6 6.a4 O-O 7.O-O h6 8.Re1 Bb6 
9.Nbd2 d6 10.c3 Qe8 11.b4 Kh8 12.a5 Ba7 13.Nf1 Be6 14.Ng3 Bxc4 15.dxc4 Qe6
16.Qd3 Ne7 17.Nh4 Ne8 18.Ra2 Kh7 19.Ngf5 Ng8 20.Ne3 g6 21.Nd5 c6 22.Nb6 
Rd8 23.Rae2 Ng7 24.Kh2 Ne7 25.Be3 Qf6 26.Nf3 Ne6 27.Rd2 Nf4 28.Qf1 g5 29.
Red1 Bb8 30.g3 Ne6 31.Qg2 Bc7 32.c5 Bxb6 33.cxd6 Bxe3 34.dxe7 Qxe7 35.fxe3
f6 36.Qf1 Rxd2+ 37.Nxd2 Ng7 38.Nb3 Ne6 39.Qf5+ Kg7 40.h4 Qf7 41.Rd6 Re8 
42.c4 Re7 43.Kg2 Re8 44.Kf2 Qe7 45.c5 Qf7 46.Nd2 Re7 47.h5 Nf8 48.g4 Re8 
49.Kg3 Re6 50.Rxe6 Nxe6 51.Kf2 Nc7 52.Ke2 Nb5 53.Kd3 Na3 54.Qc8 Kh7 55.Kc3
Kg7 56.Kb2 Nc4+ 57.Nxc4 Qxc4 58.Qxb7+ Kf8 59.Qc8+ Kf7 60.Qd7+ Kf8 61.Qxc6 
Qe2+ 62.Kc3 Qxe3+ 1/2-1/2

[Event "19th EUR-ch"]
[Site "Batumi GEO"]
[Date "2018.03.22"]
[Round "6.73"]
[White "Abdulov, Orkhan"]
[Black "Shevchenko, Kirill"]
[Result "0-1"]
[WhiteElo "2412"]
[BlackElo "2545"]
[EventDate "2018.03.17"]
[PlyCount "78"]

1.c4 Nf6 2.Nc3 g6 3.g3 Bg7 4.Bg2 O-O 5.Nf3 d6 6.d4 Nc6 7.b3 e5 8.dxe5 dxe5
9.Ba3 Re8 10.O-O Bf5 11.Nh4 Bd7 12.Qd2 Qc8 13.Rad1 Bh3 14.Nd5 Bxg2 15.Kxg2
Nxd5 16.cxd5 Nd4 17.e3 Nb5 18.Bb2 e4 19.Bxg7 Kxg7 20.f4 exf3+ 21.Nxf3 Kg8 
22.Rde1 Nd6 23.Qd4 Re4 24.Qc3 Qd7 25.Nd2 Re7 26.e4 Rae8 27.Qd3 f5 28.Rf4 
g5 29.Rff1 fxe4 30.Qe3 Re5 31.Rf6 Rxd5 32.Ref1 Nf5 33.Qxg5+ Ng7 34.Qf4 
Rxd2+ 35.Kh1 Qd8 36.Rf7 Rd7 37.h4 e3 38.Qc4 Rxf7 39.Rxf7 b5 0-1

[Event "19th EUR-ch"]
[Site "Batumi GEO"]
[Date "2018.03.22"]
[Round "6.75"]
[White "Ozen, Deniz"]
[Black "Triapishko, Alexandr"]
[Result "0-1"]
[WhiteElo "2407"]
[BlackElo "2530"]
[EventDate "2018.03.17"]
[PlyCount "123"]

1.e4 c6 2.d4 d5 3.Nc3 dxe4 4.Nxe4 Bf5 5.Ng3 Bg6 6.h4 h6 7.Nf3 e6 8.Ne5 Bh7
9.Bd3 Bxd3 10.Qxd3 Nd7 11.f4 Bb4+ 12.c3 Be7 13.Bd2 Ngf6 14.O-O-O O-O 15.
Nxd7 Qxd7 16.Ne4 Nxe4 17.Qxe4 h5 18.Rdf1 g6 19.Qe2 f5 20.Re1 Kf7 21.Qf3 
Qd5 22.Qxd5 exd5 23.Re2 Rfe8 24.g3 Bd6 25.Rxe8 Rxe8 26.Re1 Re4 27.Be3 g5 
28.hxg5 h4 29.gxh4 Bxf4 30.g6+ Kf6 31.Kd2 Bxe3+ 32.Rxe3 Rxh4 33.b4 Re4 34.
Rg3 Rg4 35.Rh3 Kxg6 36.Rh8 Re4 37.Rg8+ Kf7 38.Rg5 Kf6 39.Rg8 Re7 40.Rf8+ 
Kg5 41.b5 f4 42.Rg8+ Kh5 43.a4 Kh4 44.bxc6 bxc6 45.Rg6 f3 46.Rxc6 f2 47.
Rf6 Kg3 48.Rg6+ Kh3 49.Rf6 Kg2 50.Rg6+ Kh2 51.Rf6 Kg1 52.Rg6+ Kf1 53.c4 
dxc4 54.d5 c3+ 55.Kxc3 Ke2 56.Rg2 Re4 57.d6 Re6 58.d7 Rd6 59.Rg6 Rxd7 60.
Re6+ Kf1 61.Rf6 Rg7 62.Kd4 0-1

[Event "19th EUR-ch"]
[Site "Batumi GEO"]
[Date "2018.03.22"]
[Round "6.76"]
[White "Baron, Tal"]
[Black "Can, Isik"]
[Result "1-0"]
[WhiteElo "2529"]
[BlackElo "2413"]
[EventDate "2018.03.17"]
[PlyCount "82"]

1.Nf3 d5 2.d4 Nf6 3.c4 c6 4.g3 Bf5 5.Nc3 e6 6.Nh4 Bg4 7.Qb3 Qb6 8.f3 Bh5 
9.c5 Qxb3 10.axb3 Be7 11.b4 O-O 12.Kf2 Nfd7 13.e3 Bf6 14.Be2 Re8 15.Ng2 e5
16.Rd1 Nf8 17.Na4 Nbd7 18.dxe5 Bd8 19.g4 Bg6 20.f4 Bc2 21.Rd2 Bxa4 22.Rxa4
f6 23.e4 fxe5 24.exd5 exf4 25.dxc6 bxc6 26.Rd6 Ne5 27.Bxf4 Nfg6 28.Bg3 Be7
29.Rd4 a5 30.Re4 Nf7 31.bxa5 Bxc5+ 32.Kf1 Rxe4 33.Rxe4 Rxa5 34.Re8+ Nf8 
35.Bc4 Ra1+ 36.Ke2 Rb1 37.b3 Rb2+ 38.Kf3 Ra2 39.Nf4 Rd2 40.Nd3 Rxd3+ 41.
Bxd3 Ng5+ 1-0

[Event "19th EUR-ch"]
[Site "Batumi GEO"]
[Date "2018.03.22"]
[Round "6.77"]
[White "Ruck, Robert"]
[Black "Korchmar, Vasiliy"]
[Result "1/2-1/2"]
[WhiteElo "2529"]
[BlackElo "2411"]
[EventDate "2018.03.17"]
[PlyCount "49"]

1.Nf3 c5 2.b3 Nf6 3.Bb2 e6 4.e3 Be7 5.d4 O-O 6.Bd3 b6 7.O-O Bb7 8.c4 d5 9.
cxd5 Nxd5 10.Nbd2 Nd7 11.Qe2 cxd4 12.Nxd4 Nc5 13.Bc4 a6 14.a4 Bd6 15.Rad1 
Qh4 16.f4 Rad8 17.g3 Qh3 18.e4 Nf6 19.e5 Nfe4 20.exd6 Nxg3 21.Qf2 Nh1 22.
Qe2 Ng3 23.Qf2 Nh1 24.Qe2 Ng3 25.Qf2 1/2-1/2

[Event "19th EUR-ch"]
[Site "Batumi GEO"]
[Date "2018.03.22"]
[Round "6.78"]
[White "Kantor, Gergely"]
[Black "Blohberger, Felix"]
[Result "1/2-1/2"]
[WhiteElo "2527"]
[BlackElo "2409"]
[EventDate "2018.03.17"]
[PlyCount "84"]

1.d4 Nf6 2.c4 e6 3.Nf3 Bb4+ 4.Nbd2 O-O 5.a3 Be7 6.e4 d6 7.Qc2 a5 8.b3 e5 
9.dxe5 dxe5 10.Nxe5 Bc5 11.Bb2 Re8 12.Be2 Bd4 13.Rd1 Bxb2 14.Qxb2 Qe7 15.
f4 Qc5 16.Nd3 Qe3 17.e5 Bg4 18.Nf1 Qb6 19.c5 Qb5 20.Ne3 Bxe2 21.Qxe2 Nfd7 
22.Qc2 Na6 23.Rc1 f6 24.a4 Qc6 25.Qc4+ Kh8 26.O-O fxe5 27.fxe5 Nxe5 28.
Nxe5 Rxe5 29.Qf4 Ree8 30.Nf5 Rad8 31.Rc3 Nb4 32.Nxg7 Kxg7 33.Qf7+ Kh8 34.
Rh3 h6 35.Qf4 Re6 36.Rxh6+ Rxh6 37.Qe5+ Kg8 38.Qg5+ Rg6 39.Qxd8+ Kh7 40.
Qh4+ Kg8 41.Qd8+ Kh7 42.Qh4+ Kg8 1/2-1/2

[Event "19th EUR-ch"]
[Site "Batumi GEO"]
[Date "2018.03.22"]
[Round "6.79"]
[White "Kalashian, David"]
[Black "Kriebel, Tadeas"]
[Result "1/2-1/2"]
[WhiteElo "2399"]
[BlackElo "2520"]
[EventDate "2018.03.17"]
[PlyCount "217"]

1.e4 c5 2.Nc3 a6 3.Nf3 d6 4.d4 cxd4 5.Nxd4 Nf6 6.h3 e5 7.Nde2 b5 8.g4 b4 
9.Nd5 Nxd5 10.Qxd5 Ra7 11.Be3 Rd7 12.c4 Bb7 13.Qd3 h5 14.g5 h4 15.Rg1 g6 
16.Nc1 Nc6 17.Be2 Be7 18.Bg4 Rc7 19.Nb3 O-O 20.Bb6 Qb8 21.Rd1 Ba8 22.Be3 
a5 23.Nd2 a4 24.b3 axb3 25.axb3 Nd4 26.Nf3 Qb7 27.Nxd4 exd4 28.Qxd4 Qxe4 
29.Qxe4 Bxe4 30.Rd4 Bc2 31.Bd1 Bf5 32.Rxh4 f6 33.f4 d5 34.cxd5 Rc3 35.Bd4 
Rd3 36.gxf6 Rxd4 37.fxe7 Re8 38.Bg4 Rxe7+ 39.Kf2 Rd2+ 40.Kf3 Be4+ 41.Ke3 
Rxd5 42.Rc1 Kg7 43.Kf2 Rd2+ 44.Kg1 Rg2+ 45.Kf1 Rh2 46.Rd1 Bc6 47.f5 gxf5 
48.Bh5 Be4 49.Rd6 Re5 50.Bg6 Bg2+ 51.Kg1 Rxh3 52.Rc4 Rc3 53.Kxg2 Rxc4 54.
bxc4 Rc5 55.Kf3 Rxc4 56.Bxf5 b3 57.Rb6 b2 58.Rxb2 Kf6 59.Be4 Rd4 60.Kf4 
Rd6 61.Rh2 Rd7 62.Rh6+ Ke7 63.Ke5 Rc7 64.Rh7+ Kd8 65.Rh8+ Ke7 66.Bd5 Kd7 
67.Rf8 Ke7 68.Rf2 Kd7 69.Be6+ Kc6 70.Rc2+ Kb6 71.Bc4 Kc5 72.Rc1 Re7+ 73.
Be6+ Kb4 74.Rc6 Rb7 75.Kd4 Rb5 76.Bd5 Rb8 77.Rc4+ Kb5 78.Rc1 Rb6 79.Rc2 
Kb4 80.Rc8 Rb5 81.Rc4+ Ka5 82.Rc1 Kb4 83.Bc6 Rb6 84.Kd5 Ka5 85.Ra1+ Kb4 
86.Ra8 Kc3 87.Kc5 Rb2 88.Bd5 Rf2 89.Ra3+ Kd2 90.Kd4 Re2 91.Bf3 Rf2 92.Ke4 
Ke1 93.Rd3 Rd2 94.Re3+ Kf2 95.Kf4 Rb2 96.Be4 Re2 97.Rh3 Ke1 98.Bd3 Rf2+ 
99.Ke3 Re2+ 100.Kd4 Rg2 101.Rh1+ Kd2 102.Ra1 Rf2 103.Be4 Ke2 104.Ra3 Kd2 
105.Bf3 Ke1 106.Ke4 Rd2 107.Kf4 Kf2 108.Be4 Ke2 109.Rh3 1/2-1/2

[Event "19th EUR-ch"]
[Site "Batumi GEO"]
[Date "2018.03.22"]
[Round "6.80"]
[White "Matinian, Nikita"]
[Black "Soysal, Serkan"]
[Result "1-0"]
[WhiteElo "2514"]
[BlackElo "2406"]
[EventDate "2018.03.17"]
[PlyCount "153"]

1.e4 e5 2.Nf3 Nc6 3.Bb5 Nf6 4.d3 Ne7 5.Nc3 c6 6.Bc4 d6 7.d4 exd4 8.Qxd4 
Ng6 9.h4 Qb6 10.Be3 Qxd4 11.Bxd4 Ng4 12.h5 N6e5 13.Be2 Be7 14.Nd2 Bg5 15.
g3 c5 16.Bxe5 Bxd2+ 17.Kxd2 Nxe5 18.f4 Nc6 19.h6 g6 20.Nb5 Ke7 21.Nc7 Rb8 
22.Nd5+ Kd8 23.g4 Ne7 24.Nf6 Ng8 25.Nxg8 Rxg8 26.g5 Rf8 27.Raf1 f5 28.gxf6
Rxf6 29.Bc4 Ke7 30.f5 gxf5 31.Rfg1 Be6 32.Rg7+ Rf7 33.Bxe6 Kxe6 34.exf5+ 
Kf6 35.Rxf7+ Kxf7 36.Rg1 Kf6 37.Rg7 Kxf5 38.Kd3 d5 39.Rxh7 Kg6 40.Rc7 Kxh6
41.Rxc5 Kg6 42.Rxd5 Kf6 43.c4 Ke6 44.a4 Rh8 45.a5 Rh3+ 46.Kc2 a6 47.b3 Rf3
48.Kb2 Ke7 49.Ka3 Rh3 50.Kb4 Rf3 51.Rd4 Rh3 52.c5 Re3 53.Kc4 Re6 54.b4 Rh6
55.b5 Rf6 56.Kb4 Rf1 57.bxa6 bxa6 58.Rd6 Rf4+ 59.Kb3 Rf6 60.Rb6 Rf1 61.
Rxa6 Kd7 62.Rd6+ Kc7 63.a6 Rc1 64.Kb4 Rb1+ 65.Kc4 Rc1+ 66.Kd5 Rd1+ 67.Ke6 
Re1+ 68.Kf6 Rf1+ 69.Ke7 Re1+ 70.Re6 Ra1 71.Ke8 Ra5 72.Re7+ Kc6 73.Kd8 Ra4 
74.Rc7+ Kb5 75.a7 Rh4 76.Kc8 Rh6 77.a8=Q 1-0

[Event "19th EUR-ch"]
[Site "Batumi GEO"]
[Date "2018.03.22"]
[Round "6.81"]
[White "Kantans, Toms"]
[Black "Mirzoev, Emil"]
[Result "0-1"]
[WhiteElo "2508"]
[BlackElo "2405"]
[EventDate "2018.03.17"]
[PlyCount "102"]

1.e4 e6 2.d4 d5 3.Nd2 c5 4.Ngf3 Nc6 5.exd5 exd5 6.Bb5 Qe7+ 7.Be2 Nf6 8.O-O
Qc7 9.Re1 cxd4 10.Bb5+ Be7 11.Qe2 a6 12.Bxc6+ bxc6 13.Nb3 Ra7 14.Bd2 c5 
15.Qe5 Be6 16.Ba5 Qxe5 17.Nxe5 Ra8 18.Re2 Bd6 19.f3 O-O 20.g4 Rfc8 21.Be1 
h5 22.g5 Bxe5 23.Rxe5 Nd7 24.Re2 Nb6 25.Nc1 Bf5 26.Nd3 Nc4 27.Bf2 Rab8 28.
b3 Na3 29.Rd1 Nb5 30.Re5 Nc3 31.Rd2 g6 32.Bg3 Bxd3 33.cxd3 Rb6 34.Rc2 Re6 
35.Kf1 Rxe5 36.Bxe5 Rc6 37.Bf4 f6 38.Bd2 fxg5 39.Bxc3 dxc3 40.Rxc3 Kf7 41.
b4 c4 42.dxc4 dxc4 43.Ke2 Ke6 44.Ra3 c3 45.Kd1 Kd5 46.Kc2 Kd4 47.Ra5 Re6 
48.Rxg5 Re2+ 49.Kb3 Rb2+ 50.Ka3 Rb1 51.Rc5 a5 0-1

[Event "19th EUR-ch"]
[Site "Batumi GEO"]
[Date "2018.03.22"]
[Round "6.82"]
[White "Shengelia, David"]
[Black "Bosman, Michiel"]
[Result "1-0"]
[WhiteElo "2508"]
[BlackElo "2398"]
[EventDate "2018.03.17"]
[PlyCount "89"]

1.d4 Nf6 2.c4 e6 3.Nc3 Bb4 4.e3 O-O 5.Nf3 d5 6.Bd2 b6 7.cxd5 exd5 8.Rc1 
Bb7 9.Bd3 Re8 10.O-O Bf8 11.Ne5 c5 12.Bb5 Re6 13.f4 a6 14.Bd3 Nc6 15.Bf5 
Re8 16.Ne2 g6 17.Bb1 Rc8 18.Bc3 cxd4 19.Nxd4 Nxe5 20.fxe5 Ne4 21.Qf3 Qd7 
22.Bxe4 dxe4 23.Qg3 b5 24.Rcd1 Rcd8 25.Ba5 Bg7 26.Bxd8 Rxd8 27.Qh4 Bd5 28.
Ne2 Bxe5 29.Nc3 Bxc3 30.bxc3 Rc8 31.Qg5 Rc5 32.Qe5 f5 33.Rd4 Qe6 34.Qb8+ 
Rc8 35.Qa7 Rxc3 36.a4 Rc4 37.Rfd1 Rxd4 38.Qxd4 Bc6 39.a5 Be8 40.h3 h5 41.
Qb6 Qb3 42.Rd8 Kf7 43.Qc7+ Kf8 44.Qc5+ Kf7 45.Kh2 1-0

[Event "19th EUR-ch"]
[Site "Batumi GEO"]
[Date "2018.03.22"]
[Round "6.83"]
[White "Muradli, Mahammad"]
[Black "Godena, Michele"]
[Result "1/2-1/2"]
[WhiteElo "2398"]
[BlackElo "2505"]
[EventDate "2018.03.17"]
[PlyCount "119"]

1.d4 d5 2.Nf3 Nf6 3.c4 e6 4.Nc3 c6 5.Bg5 h6 6.Bxf6 Qxf6 7.e3 Nd7 8.Bd3 
dxc4 9.Bxc4 g6 10.O-O Bg7 11.e4 O-O 12.e5 Qe7 13.Qe2 Rd8 14.Rfd1 b5 15.Bd3
Rb8 16.Rac1 c5 17.d5 c4 18.Bb1 Bb7 19.d6 Qf8 20.Be4 Nxe5 21.Bxb7 Nd3 22.
Be4 Nxc1 23.Rxc1 Qxd6 24.Bb1 a5 25.h4 a4 26.Qe3 a3 27.Ne4 Qb6 28.Qxa3 Ra8 
29.Qb4 Ra4 30.Qe1 Bxb2 31.Rd1 Raa8 32.Rxd8+ Rxd8 33.Bc2 Bg7 34.Qb4 Qa7 35.
a3 Qd7 36.Nc3 Rb8 37.Ne4 Rd8 38.Nc3 Rb8 39.Ne4 Ra8 40.Nc5 Qd5 41.Ne4 Rc8 
42.Qe7 Qd8 43.Qb4 Qf8 44.Qa5 c3 45.Kh2 Ra8 46.Qxb5 Qxa3 47.Qd3 Qa6 48.Qe3 
Qa7 49.Qe2 Qc7+ 50.Ng3 Qf4 51.Qd3 Bf6 52.Qe4 Qxe4 53.Nxe4 Be7 54.g3 f5 55.
Nxc3 Ra3 56.Nb5 Rxf3 57.Kg2 Ra3 58.Nxa3 Bxa3 59.Bb3 Kf7 60.f4 1/2-1/2

[Event "19th EUR-ch"]
[Site "Batumi GEO"]
[Date "2018.03.22"]
[Round "6.85"]
[White "Harutyunian, Tigran K."]
[Black "Rzayev, Bahruz"]
[Result "1/2-1/2"]
[WhiteElo "2501"]
[BlackElo "2390"]
[EventDate "2018.03.17"]
[PlyCount "70"]

1.Nf3 d5 2.g3 c5 3.Bg2 Nc6 4.d4 e6 5.O-O cxd4 6.Nxd4 Bc5 7.Nb3 Bb6 8.c4 
dxc4 9.N3d2 Nge7 10.Nxc4 O-O 11.Nc3 e5 12.Nxb6 Qxb6 13.Qa4 Be6 14.b3 Rfd8 
15.Ba3 Nf5 16.Rac1 Rd4 17.Qb5 Qxb5 18.Nxb5 Rd2 19.Nc3 Nfd4 20.e3 Ne2+ 21.
Nxe2 Rxe2 22.Ra1 Rd8 23.Bf3 Rc2 24.Rfc1 Rdd2 25.Rxc2 Rxc2 26.Kf1 f5 27.Ke1
e4 28.Bd1 Rc3 29.Be2 Ne5 30.Rc1 Rxc1+ 31.Bxc1 Nf3+ 32.Bxf3 exf3 33.h4 Kf7 
34.Kd2 Kg6 35.Bb2 Kh6 1/2-1/2

[Event "19th EUR-ch"]
[Site "Batumi GEO"]
[Date "2018.03.22"]
[Round "6.86"]
[White "Nesterov, Arseniy"]
[Black "Golubov, Saveliy"]
[Result "1-0"]
[WhiteElo "2388"]
[BlackElo "2495"]
[EventDate "2018.03.17"]
[PlyCount "59"]

1.d4 Nf6 2.c4 e6 3.Nf3 d5 4.Bg5 Be7 5.Nc3 h6 6.Bh4 O-O 7.e3 b6 8.Be2 Bb7 
9.Bxf6 Bxf6 10.cxd5 exd5 11.b4 c6 12.O-O a5 13.b5 c5 14.Ne5 cxd4 15.exd4 
Qd6 16.f4 Nd7 17.Qb3 Rfd8 18.Bh5 g6 19.Bg4 Nf8 20.Ne4 Qe7 21.Nxf6+ Qxf6 
22.f5 g5 23.Bh5 Nd7 24.Bxf7+ Kg7 25.Rae1 Qd6 26.Nxd7 Rxd7 27.Be6 Rc7 28.
f6+ Kh8 29.f7 Kg7 30.Qf3 1-0